000
00299nam a22001457a 4500
008
230419b ||||| |||| 00| 0 eng d
020
_a
9781465276803
041
_a
eng
080
_a
34
082
_a
34DEL
100
_a
31
101
_a
JURE
245
_a
HOMI CIDE
_c
DELISI.M
942
_2
udc
_c
BK
999
_c
59615
_d
59615